000 00634nam a2200241Ia 4500
003 OSt
005 20220912151429.0
006 a|||||r|||| 00| 0
007 ta
008 220909b |||||||| |||| 00| 0 eng d
024 _a61354
037 _cTextual
040 _aCSL
_beng
_cCSL
041 _aeng
082 _aB, 122L2.2
100 _aHermtte M M CH
245 0 _aOeuvres delaguerre: Sous les auspices de L'academic des sciences
260 _aNew York
_b Chelsea
_c1972
300 _a711p.
_ccm.
650 _aMaths
942 _hB, 122L2.2
_cTEXL
_2CC
999 _c68497
_d68497